|
|
|
|
| LEADER |
01284nam a2200373 4500 |
| 001 |
000006613 |
| 003 |
2771 |
| 005 |
20110919070959.0 |
| 008 |
110915s1977 viesd |
| 020 |
|
|
|c 7500đ
|
| 041 |
0 |
|
|a vie
|
| 082 |
|
|
|a 959.7041
|b Hôi
|
| 245 |
1 |
0 |
|a Vài hồi ức về Điện Biên Phủ
|c Võ Nguyên Giáp, Phạm Ngọc Mậu, Vũ Lăng...
|n Tập 1
|
| 250 |
|
|
|a In lần 4
|
| 260 |
|
|
|a H.
|b Quân đội nhân dân
|c 1977
|
| 300 |
|
|
|a 292 tr
|c 19 cm
|
| 653 |
|
|
|a Văn học hiện đại
|
| 653 |
|
|
|a Việt Nam
|
| 653 |
|
|
|a hồi kí
|
| 653 |
|
|
|a Điện Biên Phủ
|
| 700 |
|
|
|a Võ Nguyên Giáp
|e Tác giả
|
| 700 |
|
|
|a Phạm Ngọc Mậu...
|e Tác giả
|
| 773 |
|
|
|t Vài hồi ức về Điện Biên Phủ
|w 2770
|
| 910 |
|
|
|a Nguyễn Thị Kim Oanh
|d 15/09/2011
|
| OWN |
|
|
|a LSP
|
| AVA |
|
|
|a UDN50
|b LSP
|d 959.7041 Hôi
|e unavailable
|t Error 5002 Not defined in file expand_doc_bib_avail.
|f 1
|g 1
|h N
|i 0
|k 1
|
| 999 |
|
|
|a From the UDN01
|
| AVA |
|
|
|a UDN50
|b LSP
|d 959.7041 Hôi
|e unavailable
|t Error 5002 Not defined in file expand_doc_bib_avail.
|f 1
|g 1
|h N
|i 0
|k 1
|
| TYP |
|
|
|a Monograph
|
| TYP |
|
|
|a Printed language
|
| 980 |
|
|
|a Mạng thư viện Đại học Đà Nẵng
|